7 medival kingdoms of britain - Statistics

General Stats
  • This quiz has been taken 150 times
  • The average score is 5 of 7
Answer Stats
Hint Answer % Correct
W Wessex
93%
E Essex
88%
S Sussex
78%
K Kent
74%
M Mercia
74%
N Northumbria
71%
E East Anglia
52%
No matching quizzes found
Score Distribution
Percent of People with Each Score
Percentile by Number Answered
Your Score History
You have not taken this quiz